Türkçede B ile Başlayan Erkek İsimleri - Statistics

General Stats
  • This quiz has been taken 1 192 times
  • The average score is 6 of 33
Answer Stats
Answer % Correct
Burak
81%
Berke
53%
Batu
49%
Batuhan
43%
Baran
40%
Barış
40%
Bora
38%
Buğra
33%
Berkay
32%
Baha
28%
Berat
28%
Bartu
25%
Bülent
20%
Bedirhan
17%
Barkın
12%
Bilge
12%
Bahattin
10%
Barlas
7%
Beyazıt
7%
Beren
6%
Burç
6%
Bilgehan
5%
Bektaş
2%
Bestami
2%
Burçak
2%
Baver
1%
Bergin
1%
Baldemir
0%
Behnan
0%
Bekdil
0%
Bekil
0%
Bistem
0%
Bozkaya
0%
No matching quizzes found
Score Distribution
Percent of People with Each Score
Percentile by Number Answered
Your Score History
You have not taken this quiz